Entry Personal Name
Number of records used in: 1
001 - CONTROL NUMBER
003 - CONTROL NUMBER IDENTIFIER
005 - DATE AND TIME OF LATEST TRANSACTION
- control field:
20250910134412.0
008 - FIXED-LENGTH DATA ELEMENTS
- fixed length control field:
250910|| aca||aabn | a|a d
040 ## - CATALOGING SOURCE
- Original cataloging agency:
JRU
- Transcribing agency:
JRU
100 ## - HEADING--PERSONAL NAME
- Personal name:
TRIPATHI, DEBI PRASAD
670 ## - SOURCE DATA FOUND
- Source citation:
Work cat.: (JRU)8820: TRIPATHI, DEBI PRASAD, MINE SAFETY SCIENCE AND ENGINEERING : Health and desaster management, 2020